Teoría y técnica de la administración /

Guardado en:
Autor Principal: Perel, Vicente E.
Formato: Libro
Publicado: Buenos Aires : Macchi, 1972
Materias:
Etiquetas: Agregar Etiqueta
Sin Etiquetas, Sea el primero en etiquetar este registro!
LEADER 00606nam a22001815a 4500
001 CEM.cems004991
005 20060217000000.0
008 130507s1972##################000#0#####d
003 CEMS
082 0 4 |a 658 
100 1 |a Perel, Vicente E. 
245 1 0 |a Teoría y técnica de la administración / 
260 |a Buenos Aires :  |b Macchi,  |c 1972 
300 |a 491 p. 
505 0 |a Historia del frigor¡fico en la Argentina.-Industrializaci¢n del bovino. 
653 |a Administracion-teoria 
859 |a CEMS  |b BIB. CEMS - 11 de abril  |h 658  |i P414  |p 2529.74  |t Ej.1 
859 |a CEMS  |b BIB. CEMS - 11 de abril  |h 658  |i P414  |p 2599.74  |t Ej.2